Il nano nero /
保存先:
| 第一著者: | |
|---|---|
| その他の著者: | |
| フォーマット: | 図書 |
| 言語: | イタリア語 |
| 出版事項: |
Milano :
Club degli editori,
1973
|
| シリーズ: | I grandi romanzi d'azione ;
3 |
| タグ: |
タグなし, このレコードへの初めてのタグを付けませんか!
|
MARC
| LEADER | 00000nam a22000001i 4500 | ||
|---|---|---|---|
| 001 | IT\ICCU\SBL\0455125 | ||
| 003 | ItRI | ||
| 005 | 20250317205120.0 | ||
| 008 | 910930s1973 it |||||| ||||| |||||c | ||
| 015 | |2 IT |a 73-8012 | ||
| 040 | |b ita |c ARCIGAY RIMINI | ||
| 041 | 7 | |a ita |2 ISO-639-2 | |
| 082 | |a 823.7 |2 17 | ||
| 082 | |a 823.7 |2 18 | ||
| 100 | 1 | |a Scott, Walter, |d (1771-1832) |0 IT\ICCU\CFIV\006674 |4 aut | |
| 240 | 1 | 4 | |a The black dwarf |9 Scott, Walter <1771-1832> |
| 245 | 1 | 3 | |a Il nano nero / |c Walter Scott. |
| 260 | |a Milano : |b Club degli editori, |c 1973 | ||
| 300 | |a 187 p. ; |c 20 cm | ||
| 500 | |a Trad. dal francese (tit.: Le nain noir) di A. Pardini. | ||
| 700 | 1 | |a Pardini, Augusto |0 IT\ICCU\RAVV\034365 | |
| 830 | 2 | |a I grandi romanzi d'azione ; |v 3 |0 IT\ICCU\RAV\0085605 | |
| 942 | |2 ddc |c BK | ||
| 952 | |0 0 |1 0 |2 ddc |4 0 |6 823_700000000000000_SCO_NAN |7 1 |9 3684 |a RN |b RN |d 2025-03-17 |l 0 |o 823.7 SCO NAN |p 10943 |r 2025-03-17 20:51:55 |w 2025-03-17 |x DONAZIONE DI MARINA MAGGIOLI |y BK |z DONAZIONE DI MARINA MAGGIOLI | ||
| 981 | 1 | |6 z01 |a i |b xxxe | |
| 982 | 1 | |6 z01 |a n | |
| 999 | |c 2873 |d 2873 | ||